| 000 | 00868nam a22002417a 4500 | ||
|---|---|---|---|
| 005 | 20180307164542.0 | ||
| 010 | _aBAC-EN21 ENG-111582 | ||
| 020 |
_a9789382127161 _c395.00 |
||
| 035 | _aEN-95114 | ||
| 035 | _aB-579451-476 | ||
| 035 | _aB-667624 | ||
| 037 |
_bKKP/Ven _adpl |
||
| 037 | _bDBAD/PUB | ||
| 082 | _a330.0182 | ||
| 100 | _aAggarwal, B.M. | ||
| 245 |
_aStatistical methods in economics-I / _cby B.M.Aggarwal |
||
| 260 |
_aNew Delhi _bAne Books _c2013 |
||
| 270 |
_a4821,Parwana Bhawan,1st Floor,24 Ansari Road,Draya Ganj _bNew Delhi _e110002 |
||
| 300 |
_avarious pagings : _c24cm(pbk) |
||
| 942 |
_2ddc _cEN _mAGG _h330.0182 |
||
| 999 |
_c89264 _d89264 |
||